Čo dedina, to kuchyňa tradičná ľudová kuchyňa zo severného Spiša

Tradičné zamagurské jedlá.

Uložené v:
Podrobná bibliografia
Hlavný autor: Eliašová, Darina
Médium: Kapitola
Jazyk:Slovak
Predmet:
Tagy: Pridať tag
Žiadne tagy, Buďte prvý, kto otaguje tento záznam!

MARC

LEADER 00000naa$a2200000$$$4500
001 0065749
005 20240502071759.6
041 0 |a slo 
044 |a SK 
245 1 0 |a Čo dedina, to kuchyňa  |b tradičná ľudová kuchyňa zo severného Spiša  |c Darina Eliašová 
520 |a Tradičné zamagurské jedlá. 
610 2 0 |a národopis 
610 2 0 |a Slovensko 
610 2 0 |a Spiš 
100 1 |a Eliašová, Darina